|
|
|
|
| LEADER |
00736nam a2200169Ia 4500 |
| 008 |
160114b xxu||||| |||| 00| 0 eng d |
| 020 |
|
|
|a 8170002397
|
| 082 |
|
|
|a 020
|
| 100 |
|
|
|a Ramaiah, I. S.
|
| 245 |
|
|
|a Images and perception in library and information science /
|c By I. S. Ramaiah
|
| 260 |
|
|
|a Delhi :
|b Ess Ess Publications,
|c 1998.
|
| 300 |
|
|
|a 203 p.
|
| 653 |
|
|
|a Library and information science
|
| 942 |
|
|
|c BK
|
| 999 |
|
|
|c 143300
|d 143300
|
| 952 |
|
|
|0 0
|1 0
|4 0
|6 020_000000000000000_RAM_I
|7 0
|9 152425
|a LIS
|b LIS
|c ST1
|d 2006-04-08
|g 500.00
|i 01688
|l 0
|o 020 RAM/I
|p LIS1688
|r 2016-07-26
|w 2016-07-26
|y BK
|
| 952 |
|
|
|0 0
|1 0
|4 0
|6 020_000000000000000_RAM_I
|7 0
|9 152426
|a LIS
|b LIS
|c ST1
|d 2006-04-08
|g 500.00
|i 01750
|l 0
|o 020 RAM/I
|p LIS1750
|r 2016-07-26
|w 2016-07-26
|y BK
|